000 00975nam a2200301 i 4500
003 DO-SdBNP
005 20240813134721.0
007 ta
008 240813b2024 dr ||||| |||| 00| 0 spa d
020 _a9789945189698
040 _aDO-SdBNP
_bspa
_cBNPHU
_erda
082 4 _bC794i
_222
100 1 _aCordero, Daniel Antonio,
_949233
_eautor
245 1 3 _aLa iglesia gloriosa /
_cDaniel Antonio Cordero ; prólogo, Gerson Rojas
264 _aSanto Domingo :
_bMinisterio la Palabra del Mesías,
_c2024.
300 _a231 páginas ;
_c21 cm.
336 _2rdacontent
_atexto
_btxt
337 _2rdamedia
_asin mediación
_bn
338 _2rdacarrier
_avolumen
_bnc
500 _aIncluye datos biográficos del autor en la contracubierta
504 _aBibliografía : página 231
590 _aInventariado, 2024/BT
650 _966
700 1 _aRojas, Gerson,
_eprólogo
_949234
700 1 _aAcosta, Gladis,
_erevisión
_986328
910 _aBtavárez
942 _2ddc
_cLBS1
999 _c57432
_d57432